Score 0/44 Timer 03:00
1 Play Today
Hint 4-Letter Word % Correct
ChatTALK
94.1%
What the Titanic did?SANK
92.6%
Aquarium, for neTANK
91.9%
• Inflated beach toy •• BALL •
89.3%
• ____ Water Taffy •• SALT •
87.1%
Not tanPALE
87%
Fine fabricSILK
84.7%
• Coral ____• REEF •
84.6%
Store eventSALE
84%
UnwellSICK
84.1%
HesitateBALK
82.8%
Peaceful birdDOVE
81.4%
• Fine sand •• SILT •
79.9%
• Jump in a lake? •• DIVE •
78.9%
Pineapple brandDOLE
78.7%
One from DenmarkDANE
78.6%
• Sand hill •DUNE
78.5%
Type of meatBEEF
77.3%
Quick lookPEEK
77%
Get the water outBAIL
77%
Strong odorREEK
76.6%
Boat's floorDECK
76.2%
Hint 4-Letter Word % Correct
Flat fishSOLE
75.1%
• Pier •• DOCK •
75.1%
• Beach toy •• PAIL •
74.8%
Dove's kissPECK
74.7%
Darned item?SOCK
73.2%
NoticedSEEN
73.2%
Mr. Penn, for oneSEAN
72.8%
ChairSEAT
72.5%
Was thereBEEN
70.7%
Coffin coverPALL
70.6%
• Silica grit •• SAND •
68%
Shoo a flySWAT
67%
• TV's Adult ___• SWIM •
63.7%
SlenderSLIM
63.2%
• Bikini or speedo, e.g. •• SUIT •
61.3%
EbbWANE
59.7%
• Doggie paddled •• SWAM •
59.6%
Small cutSLIT
58.2%
• Surf •• WAVE •
55.4%
Make smoothPAVE
44.8%
Title or fistDUKE
43.1%
• Seawall •• DIKE •
42.8%

Today's Daily Dose

Remove Ads.
Support Sporcle.
Get the best of Sporcle when you Go Orange. This ad-free experience offers more features, more stats, and more fun while also helping to support Sporcle. Thank you for becoming a member.

You're not logged in!

Compare scores with friends on all Sporcle quizzes.
OR
Log In

Show Comments

Extras

Top Quizzes Today


Score Distribution

Your Account Isn't Verified!

In order to create a playlist on Sporcle, you need to verify the email address you used during registration. Go to your Sporcle Settings to finish the process.

Report this User

Report this user for behavior that violates our Community Guidelines.

Details: